| 000 | 00854nam a22002297a 4500 | ||
|---|---|---|---|
| 999 |
_c6938 _d6938 |
||
| 003 | AR-CdUCM | ||
| 008 | 190319b ||||| |||| 00| 0 spa d | ||
| 040 |
_aMUNICIPALIDAD PROVINCIAL DEL CUSCO _cBIBLIOTECA MUNICIPAL DEL CUSCO |
||
| 082 |
_a190 / _bL41 |
||
| 100 |
_aLehmann, Gerhard _95148 |
||
| 245 | _aLa filosofía en el primer tercio del siglo XX / | ||
| 260 |
_aMéxico : _bUteha, _c1964. |
||
| 300 |
_a2 tomos ; _c18 cm. |
||
| 440 |
_aFilosofía _n7 _919551 |
||
| 505 | _aContenido : t 1 : El neoidealismo -- El neohegelianismo -- Irracionalismo e intuicionismo -- Indice alfabetico -- t.2 : Fenomenología y ontología -- Del pragmatismo al neorrealismo ... | ||
| 650 |
_aFilosofía _9395 |
||
| 650 |
_aFilosofía del siglo XX _913005 |
||
| 650 |
_aMéxico _918 |
||
| 700 |
_aRogel, Hector _919552 |
||
| 942 |
_2ddc _cLIBROS |
||
| 945 | _arah | ||